[Event "Fortaleza Cearense zt"]
[Site "Fortaleza"]
[Date "2019.09.28"]
[Round "4"]
[White "Palacio, Igor Da Paz"]
[Black "Lima, Helio Viana Correia"]
[Result "1/2-1/2"]
[WhiteElo "2158"]
[BlackElo "1910"]
[PlyCount "94"]
[EventDate "2019.09.26"]
[EventType "swiss"]
[EventRounds "6"]
[EventCountry "BRA"]
[SourceTitle "EXT 2020"]
[Source "ChessBase"]
[SourceDate "2019.10.17"]
[SourceVersion "1"]
[SourceVersionDate "2019.10.17"]
[SourceQuality "1"]

1. c4 e6 2. d4 f5 3. Nf3 Nf6 4. Nc3 Bb4 5. g3 0-0 6. Bg2 d6 7. 0-0 Bxc3 8. bxc3 c5 9. Rb1 Na6 10. Ne1 Qc7 11. Qb3 Rb8 12. Nd3 b6 13. Qa4 Bb7 14. Bxb7 Qxb7 15. f3 Rbc8 16. Ba3 Rc7 17. Nf4 Qc8 18. d5 exd5 19. cxd5 Re7 20. c4 Nc7 21. h4 Qa6 22. Qb3 Rfe8 23. Bb2 Re3 24. Qc2 Qxa2 25. Ra1 Qb3 26. Qxb3 Rxb3 27. Bxf6 gxf6 28. Rxa7 Rc8 29. Rfa1 b5 30. Ne6 Nxe6 31. dxe6 Re8 32. Rd7 bxc4 33. Raa7 c3 34. Rg7+ Kh8 35. Rxh7+ Kg8 36. Rag7+ Kf8 37. Rf7+ Kg8 38. Rfg7+ Kf8 39. e7+ Rxe7 40. Rxe7 c2 41. Kg2 c1Q 42. Rc7 Kg8 43. Rhg7+ Kh8 44. Rgd7 Rb8 45. Rh7+ Kg8 46. Rcg7+ Kf8 47. Rf7+ Kg8 1/2-1/2

[Event "Fortaleza Cearense zt"]
[Site "Fortaleza"]
[Date "2019.09.27"]
[Round "2"]
[White "Barreto, Paulo Robson Rodrig"]
[Black "Lima, Helio Viana Correia"]
[Result "1/2-1/2"]
[WhiteElo "1598"]
[BlackElo "1910"]
[PlyCount "62"]
[EventDate "2019.09.26"]
[EventType "swiss"]
[EventRounds "6"]
[EventCountry "BRA"]
[SourceTitle "EXT 2020"]
[Source "ChessBase"]
[SourceDate "2019.10.17"]
[SourceVersion "1"]
[SourceVersionDate "2019.10.17"]
[SourceQuality "1"]

1. Nf3 c5 2. c4 Nf6 3. g3 g6 4. Nc3 Nc6 5. Bg2 Bg7 6. 0-0 0-0 7. d4 cxd4 8. Nxd4 Nxd4 9. Qxd4 d6 10. Bg5 h6 11. Bxf6 Bxf6 12. Qd3 Bxc3 13. Qxc3 Qc7 14. Rac1 Be6 15. e4 Rac8 16. Qe3 Kh7 17. b3 b6 18. f4 Qc5 19. Qxc5 Rxc5 20. f5 Bc8 21. f6 e5 22. Rcd1 Rd8 23. Rd2 Be6 24. Rfd1 g5 25. Rxd6 Rxd6 26. Rxd6 Kg6 27. Kf2 Kxf6 28. Ke3 Ke7 29. Rd2 Rc7 30. Bf3 g4 31. Be2 Rd7 1/2-1/2

[Event "Fortaleza Gadelha Memorial"]
[Site "Fortaleza"]
[Date "2019.08.15"]
[Round "1"]
[White "Lima, Helio Viana Correia"]
[Black "De Lima, Nilo Fernandes"]
[Result "1-0"]
[WhiteElo "1896"]
[BlackElo "1556"]
[PlyCount "99"]
[EventDate "2019.08.15"]
[EventType "swiss"]
[EventRounds "7"]
[EventCountry "BRA"]
[SourceTitle "CBM 191 Extra"]
[Source "ChessBase"]
[SourceDate "2019.09.30"]
[SourceVersion "1"]
[SourceVersionDate "2019.09.30"]
[SourceQuality "1"]

1. d4 Nf6 2. Bf4 c5 3. d5 d6 4. Nc3 g6 5. e4 Bg7 6. Qd2 0-0 7. Bh6 a6 8. a4 Qa5 9. Bxg7 Kxg7 10. Rb1 Qb4 11. f3 Nbd7 12. b3 Ne5 13. Nd1 Qxd2+ 14. Kxd2 Rb8 15. c4 a5 16. Ne2 Ng8 17. Ng3 f5 18. f4 Ng4 19. h3 N4h6 20. e5 dxe5 21. fxe5 Rd8 22. Bd3 Nf7 23. Re1 b6 24. Nf2 Bb7 25. Bf1 Bxd5 26. cxd5 Rxd5+ 27. Kc2 Nxe5 28. Rbd1 Rxd1 29. Nxd1 Kf6 30. Nc3 Rd8 31. Bc4 e6 32. Nge2 Nxc4 33. bxc4 g5 34. Rd1 Rxd1 35. Kxd1 h5 36. Nb5 Ne7 37. Nec3 Ke5 38. Ke2 Kf4 39. Nc7 Kg3 40. Nxe6 Kxg2 41. Nxg5 Kg3 42. Nd5 Nc8 43. Ke3 f4+ 44. Nxf4 Nd6 45. Ne4+ Nxe4 46. Kxe4 h4 47. Ke3 Kh2 48. Kf2 Kh1 49. Kf3 Kh2 50. Kg4 1-0